Computers, Communications and Information a user's Introduction : Comprehensive Version. (Record no. 200)

MARC details
005 - DATE AND TIME OF LATEST TRANSACTION
control field 20250629150645.0
020 ## - INTERNATIONAL STANDARD BOOK NUMBER
International Standard Book Number 0-07-229744-1
082 ## - DEWEY DECIMAL CLASSIFICATION NUMBER
Classification number 004 HUT
100 ## - MAIN ENTRY--PERSONAL NAME
Author name HUTCHINSON, S. E
245 ## - TITLE STATEMENT
Title Computers, Communications and Information a user's Introduction : Comprehensive Version.
250 ## - EDITION STATEMENT
Edition statement 7th Ed.
260 ## - PUBLICATION, DISTRIBUTION, ETC.
Place of publication, distribution, etc. Boston,
Name of publisher, distributor, etc. Irwin McGraw Hill,
Date of publication, distribution, etc. 2000.
300 ## - PHYSICAL DESCRIPTION
Extent xvi, 625p.: ill.; figure, picture,
Other physical details Index
Dimensions 28cm.
700 ## - ADDED ENTRY--PERSONAL NAME
Other authors/Editors SAWYER, S .C
942 ## - ADDED ENTRY ELEMENTS (KOHA)
Source of classification or shelving scheme Dewey Decimal Classification
Koha item type Books
Holdings
Date last seen Total checkouts Full call number Barcode Cost, replacement price Price effective from Koha item type Lost status Source of classification or shelving scheme Damaged status Not for loan Withdrawn status Home library Current library Shelving location Date acquired Cost, normal purchase price Date last checked out
06/27/2025   004HUT DOM0002419 90000.00 06/27/2025 Books   Dewey Decimal Classification       CBE Dodoma CBE Dodoma General Collection 12/29/2003 30000.00  
12/22/2025 1 004HUT DOM0002438 90000.00 06/27/2025 Books   Dewey Decimal Classification       CBE Dodoma CBE Dodoma General Collection 12/29/2003 30000.00 12/08/2025
06/28/2025   004HUT DOM0002450 90000.00 06/28/2025 Books   Dewey Decimal Classification       CBE Dodoma CBE Dodoma General Collection 12/29/2003 30000.00  
06/28/2025   004 HUT DOM0002193 90000.00 06/28/2025 Books   Dewey Decimal Classification       CBE Dodoma CBE Dodoma General Collection 12/29/2003 30000.00  
06/29/2025   004HUT DOM0002468 90000.00 06/29/2025 Books   Dewey Decimal Classification       CBE Dodoma CBE Dodoma General Collection 12/29/2003 30000.00  
03/07/2025   004 HUT 000000525 90000.00 03/07/2025 Books   Dewey Decimal Classification       College of Business Education Main Library College of Business Education Main Library General Collection 03/07/2025 30000.00  
03/07/2025   004 HUT 000000526 90000.00 03/07/2025 Books   Dewey Decimal Classification       College of Business Education Main Library College of Business Education Main Library General Collection 03/07/2025 30000.00  
03/07/2025   004 HUT 000000527 90000.00 03/07/2025 Books   Dewey Decimal Classification       College of Business Education Main Library College of Business Education Main Library General Collection 03/07/2025 30000.00